000 00629nam a2200217Ia 4500
003 OSt
005 20220923221712.0
006 a|||||r|||| 00| 0
007 ta
008 220922b |||||||| |||| 00| 0 hin d
024 _a199,471
037 _cTextual
040 _aARTS
_cARTS
_bhin
041 _2hin
_ahin
082 _aQ1:21:9xM72, 152H8.1
100 _aअरविन्द
_9156280
245 0 _aवेद रहस्य अभयदेव अनु
246 _aVed rahasya abhayadev anu 0
942 _hQ1:21:9xM72, 152H8.1
_cTEXL
_2CC
999 _c351211
_d351211